NBA All-Star 2021 - Tile Select - Statistics

General Stats
  • This quiz has been taken 369 times
  • The average score is 50 of 64
Answer Stats
Question Tile Select % Correct
NBA All-Star in 2021 Giannis Antetokounmpo Yes
98%
NBA All-Star in 2021 John Collins No
98%
NBA All-Star in 2021 Clint Capela No
97%
NBA All-Star in 2021 Malcolm Brogdon No
97%
NBA All-Star in 2021 Carmelo Anthony No
96%
NBA All-Star in 2021 LaMarcus Aldridge No
94%
NBA All-Star in 2021 Stephen Curry Yes
94%
NBA All-Star in 2021 Luka Dončić Yes
92%
NBA All-Star in 2021 Tobias Harris No
92%
NBA All-Star in 2021 Andre Drummond No
90%
NBA All-Star in 2021 Christian Wood No
90%
NBA All-Star in 2021 Collin Sexton No
90%
NBA All-Star in 2021 Gordon Hayward No
90%
NBA All-Star in 2021 Jerami Grant No
90%
NBA All-Star in 2021 Terry Rozier No
90%
NBA All-Star in 2021 Blake Griffin No
89%
NBA All-Star in 2021 John Wall No
88%
NBA All-Star in 2021 Victor Oladipo No
88%
NBA All-Star in 2021 C.J. McCollum No
87%
NBA All-Star in 2021 Joel Embiid Yes
87%
NBA All-Star in 2021 Kristaps Porzingis No
87%
NBA All-Star in 2021 LeBron James Yes
87%
NBA All-Star in 2021 Jamal Murray No
86%
NBA All-Star in 2021 Kevin Durant Yes
86%
NBA All-Star in 2021 Nikola Jokić Yes
86%
NBA All-Star in 2021 De’Aaron Fox No
85%
NBA All-Star in 2021 D’Angelo Russell No
84%
NBA All-Star in 2021 Devin Booker Yes
84%
NBA All-Star in 2021 Shai Gilgeous-Alexander No
84%
NBA All-Star in 2021 Kyle Lowry No
83%
NBA All-Star in 2021 Anthony Davis Yes
82%
NBA All-Star in 2021 Damian Lillard Yes
82%
NBA All-Star in 2021 Draymond Green No
82%
NBA All-Star in 2021 Fred VanVleet No
82%
NBA All-Star in 2021 James Harden Yes
81%
NBA All-Star in 2021 Kemba Walker No
81%
NBA All-Star in 2021 Jayson Tatum Yes
80%
NBA All-Star in 2021 Jrue Holiday No
80%
NBA All-Star in 2021 Klay Thompson No
80%
NBA All-Star in 2021 Kawhi Leonard Yes
79%
NBA All-Star in 2021 Kyrie Irving Yes
79%
NBA All-Star in 2021 Bradley Beal Yes
76%
NBA All-Star in 2021 Brandon Ingram No
76%
NBA All-Star in 2021 Donovan Mitchell Yes
76%
NBA All-Star in 2021 Paul George Yes
75%
NBA All-Star in 2021 Rudy Gobert Yes
73%
NBA All-Star in 2021 DeMar DeRozan No
70%
NBA All-Star in 2021 Chris Paul Yes
69%
NBA All-Star in 2021 Ja Morant No
69%
NBA All-Star in 2021 Jaylen Brown Yes
68%
NBA All-Star in 2021 Khris Middleton No
66%
NBA All-Star in 2021 Pascal Siakam No
65%
NBA All-Star in 2021 Zion Williamson Yes
65%
NBA All-Star in 2021 Zach LaVine Yes
62%
NBA All-Star in 2021 Domantas Sabonis Yes
61%
NBA All-Star in 2021 Russell Westbrook No
61%
NBA All-Star in 2021 Karl-Anthony Towns No
59%
NBA All-Star in 2021 Julius Randle Yes
57%
NBA All-Star in 2021 Ben Simmons Yes
56%
NBA All-Star in 2021 Bam Adebayo No
55%
NBA All-Star in 2021 Mike Conley Yes
55%
NBA All-Star in 2021 Nikola Vučević Yes
48%
NBA All-Star in 2021 Trae Young No
47%
NBA All-Star in 2021 Jimmy Butler No
42%
No matching quizzes found
Score Distribution
Percent of People with Each Score
Percentile by Number Answered
Your Score History
You have not taken this quiz